[Event "Benimodo op U2200 12th"]
[Site "Benimodo"]
[Date "2017.08.19"]
[Round "4"]
[White "Rodriguez Ferrer, Pablo"]
[Black "Carbonell Bofill, Carlos Eloy"]
[Result "1-0"]
[WhiteElo "2095"]
[BlackElo "2105"]
[PlyCount "115"]
[EventDate "2017.08.18"]
[EventType "swiss"]
[EventRounds "7"]
[EventCountry "ESP"]
[SourceTitle "EXT 2019"]
[Source "ChessBase"]
[SourceDate "2018.10.10"]
[SourceVersion "1"]
[SourceVersionDate "2018.10.10"]
[SourceQuality "1"]

1. e4 e6 2. d4 d5 3. e5 c5 4. c3 Nc6 5. Nf3 Qb6 6. a3 c4 7. Nbd2 Na5 8. g3 Bd7 9. Bh3 Qc6 10. 0-0 Qa4 11. Qe2 Qc2 12. Ne1 Qg6 13. f4 h5 14. Ng2 Be7 15. f5 exf5 16. Nf4 Qc6 17. Bg2 Be6 18. Nxh5 g6 19. Nf4 0-0-0 20. Nf3 Nb3 21. Rb1 Nxc1 22. Rfxc1 g5 23. Nxe6 fxe6 24. b3 Bxa3 25. Rf1 Be7 26. bxc4 Qxc4 27. Qxc4+ dxc4 28. Nd2 Rd7 29. Nxc4 Nh6 30. Na5 b6 31. Nc6 Ng4 32. Ra1 a5 33. Rfb1 Kc7 34. Nxe7 Rxe7 35. h3 Ne3 36. Rxa5 bxa5 37. Rb7+ Kd8 38. Rb8+ Kc7 39. Rxh8 Nxg2 40. Kxg2 Kb7 41. h4 g4 42. h5 a4 43. h6 a3 44. h7 a2 45. Rb8+ Kc6 46. h8Q a1Q 47. Qc8+ Kd5 48. Rb5+ Ke4 49. Qc4 Qd1 50. d5+ Kxe5 51. Qf4+ Kf6 52. Qh6+ Ke5 53. dxe6+ Kd6 54. Qf4+ Kxe6 55. Qxf5+ Kd6 56. Rb6+ Kc7 57. Qc5+ Kd7 58. Qc6+ 1-0

[Event "Sueca op 3rd"]
[Site "Sueca"]
[Date "2017.07.25"]
[Round "2"]
[White "Rodriguez Ferrer, Pablo"]
[Black "Fenollar Jorda, Manuel"]
[Result "0-1"]
[WhiteElo "2095"]
[BlackElo "2335"]
[PlyCount "142"]
[EventDate "2017.07.24"]
[EventType "swiss"]
[EventRounds "8"]
[EventCountry "ESP"]
[SourceTitle "CBM 179 Extra"]
[Source "ChessBase"]
[SourceDate "2017.08.23"]
[SourceVersion "1"]
[SourceVersionDate "2017.08.23"]
[SourceQuality "1"]

1. e4 e5 2. Nf3 Nc6 3. Bc4 Bc5 4. 0-0 Nf6 5. d3 d6 6. c3 0-0 7. Bb3 Bb6 8. Nbd2 Ne7 9. Re1 Ng6 10. Nf1 Nh5 11. Bg5 Qe8 12. Be3 Nhf4 13. Ng3 Bg4 14. Bxb6 axb6 15. h3 Bxf3 16. Qxf3 Nh4 17. Qg4 Nhxg2 18. Nh5 Nxh5 19. Qxg2 Nf4 20. Qg3 Kh8 21. Kh2 f5 22. d4 Qh5 23. Bd1 Qf7 24. exf5 Qxf5 25. Bg4 Qf6 26. dxe5 dxe5 27. Qe3 h5 28. Bd7 Ng6 29. Re2 Rf7 30. Bb5 Rd8 31. Bc4 Rfd7 32. Rae1 Qh4 33. Qg3 Qf6 34. Rg1 Nf4 35. Re3 Rd2 36. Rge1 Re8 37. b4 Kh7 38. Qf3 c6 39. Rd1 Red8 40. Rxd2 Rxd2 41. Qe4+ Ng6 42. Re2 Rxe2 43. Qxe2 Qf4+ 44. Kg1 Kh6 45. Bd3 Qg5+ 46. Kh1 Nf4 47. Qe4 g6 48. Bf1 Qd8 49. Qxe5 Qd5+ 50. Qxd5 Nxd5 51. Kg2 Nxc3 52. Bc4 Kg5 53. Bf7 h4 54. Kf3 Kf5 55. a3 b5 56. Be8 Nb1 57. Bd7+ Ke5 58. Kg4 Nxa3 59. Kg5 Nc2 60. f4+ Kd6 61. Be8 Nxb4 62. Bxg6 Nd5 63. f5 Ke5 64. Bf7 Nf6 65. Be6 b4 66. Kxh4 Kf4 67. Bb3 c5 68. Ba2 Kxf5 69. Kg3 Ne4+ 70. Kf3 Nd2+ 71. Ke3 b3 0-1

[Event "Xeraco Region-ch"]
[Site "Xeraco"]
[Date "2015.10.03"]
[Round "1.5"]
[White "Rodriguez Ferrer, Pablo"]
[Black "Barbero Verdu, Francisco"]
[Result "1-0"]
[WhiteElo "2076"]
[BlackElo "2021"]
[PlyCount "73"]
[EventDate "2015.10.03"]
[EventType "swiss"]
[EventRounds "7"]
[EventCountry "ESP"]
[SourceTitle "EXT 2024"]
[Source "ChessBase"]
[SourceDate "2023.10.10"]
[SourceVersion "1"]
[SourceVersionDate "2023.10.10"]
[SourceQuality "1"]

1. e4 c5 2. Nc3 Nc6 3. g3 g6 4. Bg2 Bg7 5. d3 d6 6. f4 e6 7. Nf3 Nge7 8. 0-0 0-0 9. Be3 b5 10. e5 Nf5 11. Bf2 Rb8 12. exd6 Bxc3 13. bxc3 Qxd6 14. Nd2 c4 15. Ne4 Qc7 16. a4 Rd8 17. g4 Nd6 18. Bh4 Ne7 19. Bf6 Nxe4 20. Bxe4 Bb7 21. Qe1 Nd5 22. Be5 Qb6+ 23. d4 f6 24. Bxb8 Rxb8 25. axb5 Nxc3 26. Bxb7 Qxd4+ 27. Qf2 Qxf2+ 28. Kxf2 Rxb7 29. Ra5 Rd7 30. Rfa1 g5 31. Rxa7 Rd2+ 32. Ke3 Rxc2 33. Rd7 Nd5+ 34. Kd4 Nb6 35. Rb7 Rd2+ 36. Kc3 Rd3+ 37. Kc2 1-0

[Event "Provincial-ch Xeraco Preferente"]
[Site "Xeraco"]
[Date "2014.11.22"]
[Round "7.4"]
[White "Rodriguez Ferrer, Pablo"]
[Black "Vanaclocha Llorens, Jose Lorenzo"]
[Result "1-0"]
[WhiteElo "2101"]
[BlackElo "1899"]
[PlyCount "71"]
[EventDate "2014.09.27"]
[EventType "swiss"]
[EventRounds "7"]
[EventCountry "ESP"]
[SourceTitle "EXT 2024"]
[Source "ChessBase"]
[SourceDate "2023.10.10"]
[SourceVersion "1"]
[SourceVersionDate "2023.10.10"]
[SourceQuality "1"]

1. e4 c5 2. Nc3 d6 3. g3 Nc6 4. Bg2 g6 5. d3 Bg7 6. f4 Rb8 7. Nf3 b5 8. 0-0 e6 9. Rb1 b4 10. Ne2 Nf6 11. h3 a5 12. Be3 Ba6 13. Qd2 Nd7 14. f5 Nce5 15. fxe6 Nxf3+ 16. Bxf3 fxe6 17. Nf4 Qe7 18. Bg4 Nf8 19. a3 h5 20. Bf3 Bb7 21. axb4 axb4 22. c3 e5 23. Nd5 Bxd5 24. exd5 Bf6 25. Be4 Rg8 26. Ra1 bxc3 27. bxc3 Nh7 28. Ra6 Qd7 29. Kh2 Ke7 30. Rfa1 Rb7 31. Bxc5 dxc5 32. d6+ Kf7 33. Bxb7 Ng5 34. Bd5+ Kf8 35. Ra8+ Bd8 36. Rxd8+ 1-0

[Event "Provincial-ch Xeraco Preferente"]
[Site "Xeraco"]
[Date "2014.11.15"]
[Round "6.5"]
[White "Sendra Tormo, Juan"]
[Black "Rodriguez Ferrer, Pablo"]
[Result "0-1"]
[WhiteElo "1836"]
[BlackElo "2101"]
[PlyCount "72"]
[EventDate "2014.09.27"]
[EventType "swiss"]
[EventRounds "7"]
[EventCountry "ESP"]
[SourceTitle "EXT 2024"]
[Source "ChessBase"]
[SourceDate "2023.10.10"]
[SourceVersion "1"]
[SourceVersionDate "2023.10.10"]
[SourceQuality "1"]

1. e4 e6 2. d4 d5 3. Nc3 Bb4 4. e5 b6 5. Qg4 Bf8 6. Bg5 Qd7 7. g3 Ba6 8. Bh3 h5 9. Qd1 c5 10. Nce2 cxd4 11. Nxd4 Ne7 12. f4 g6 13. Bf6 Rg8 14. Ngf3 Nbc6 15. c3 Na5 16. Ng5 Nf5 17. Bxf5 exf5 18. Kf2 Be7 19. Re1 0-0-0 20. Nxf7 Bxf6 21. Nxd8 Bxd8 22. e6 Qd6 23. b4 Nc4 24. Qa4 b5 25. Qc2 Bb6 26. Rad1 Re8 27. Qe2 Re7 28. Kg2 Kc7 29. Qf2 Kb8 30. Re2 Bxd4 31. Qxd4 Rxe6 32. Rde1 Re4 33. Qg7 Qb6 34. Qg8+ Bc8 35. Qf7 Ne3+ 36. Kf3 Nc2 0-1

[Event "Provincial-ch Xeraco Preferente"]
[Site "Xeraco"]
[Date "2014.10.18"]
[Round "3.3"]
[White "Rodriguez Ferrer, Pablo"]
[Black "Castillo Pla, Emilio"]
[Result "0-1"]
[WhiteElo "2101"]
[BlackElo "1903"]
[PlyCount "78"]
[EventDate "2014.09.27"]
[EventType "swiss"]
[EventRounds "7"]
[EventCountry "ESP"]
[SourceTitle "EXT 2024"]
[Source "ChessBase"]
[SourceDate "2023.10.10"]
[SourceVersion "1"]
[SourceVersionDate "2023.10.10"]
[SourceQuality "1"]

1. b4 e5 2. Bb2 d6 3. c4 f5 4. e3 Nf6 5. Nf3 e4 6. Nd4 Be7 7. Be2 c5 8. bxc5 dxc5 9. Nb3 Nc6 10. a3 Be6 11. d4 exd3 12. Bxd3 0-0 13. Qc2 g6 14. N1d2 Qc7 15. Nf3 Rad8 16. h4 a5 17. Bc3 a4 18. Nbd2 Ng4 19. Be2 Nce5 20. Nxe5 Nxe5 21. Rb1 Bf6 22. Bxe5 Qxe5 23. 0-0 Qc3 24. Qxc3 Bxc3 25. Nf3 h6 26. Rxb7 f4 27. Rb6 Rde8 28. exf4 Rxf4 29. Rd1 Bf7 30. Bf1 Bf6 31. Ra6 g5 32. Rdd6 Kg7 33. hxg5 hxg5 34. Rxa4 g4 35. Nd2 Bd4 36. Rxd4 Rxd4 37. Nb3 Rd1 38. Nxc5 Ree1 39. Nb3 g3 0-1

[Event "Provincial-ch Xeraco Preferente"]
[Site "Xeraco"]
[Date "2014.09.27"]
[Round "1.1"]
[White "Rodriguez Ferrer, Pablo"]
[Black "Pelegri Castello, Elias"]
[Result "1-0"]
[WhiteElo "2101"]
[BlackElo "1881"]
[PlyCount "53"]
[EventDate "2014.09.27"]
[EventType "swiss"]
[EventRounds "7"]
[EventCountry "ESP"]
[SourceTitle "EXT 2024"]
[Source "ChessBase"]
[SourceDate "2023.10.10"]
[SourceVersion "1"]
[SourceVersionDate "2023.10.10"]
[SourceQuality "1"]

1. e4 e6 2. b3 d5 3. Bb2 c5 4. Bb5+ Bd7 5. Bxd7+ Qxd7 6. exd5 Qxd5 7. Nf3 Qe4+ 8. Kf1 Nc6 9. Nc3 Qf4 10. g3 Qc7 11. Ne4 Rd8 12. Kg2 Nh6 13. Re1 Nf5 14. d3 Be7 15. Nfd2 h5 16. h4 Ncd4 17. c3 Nc6 18. Nf3 b6 19. Qe2 Ne5 20. Nxe5 Qxe5 21. Rad1 Qc7 22. d4 cxd4 23. cxd4 Qd7 24. d5 exd5 25. Bxg7 Qe6 26. Qb5+ Rd7 27. Nf6+ 1-0

[Event "Cullera Bahia op 15th"]
[Site "Cullera"]
[Date "2009.07.26"]
[Round "5"]
[White "Gimeno Martos, Roberto"]
[Black "Rodriguez Ferrer, Pablo"]
[Result "0-1"]
[WhiteElo "2100"]
[BlackElo "2078"]
[PlyCount "78"]
[EventDate "2009.07.21"]
[EventType "swiss"]
[EventRounds "9"]
[EventCountry "ESP"]
[SourceTitle "EXT 2010"]
[Source "ChessBase"]
[SourceDate "2010.11.25"]
[SourceVersion "1"]
[SourceVersionDate "2010.11.25"]
[SourceQuality "1"]

1. e4 e6 2. d3 d5 3. Nd2 c5 4. Ngf3 Nc6 5. g3 g6 6. Bg2 Bg7 7. 0-0 Nge7 8. Re1 b6 9. c3 a5 10. a4 Ba6 11. Nf1 Ra7 12. e5 Qb8 13. Qe2 h6 14. h4 g5 15. hxg5 hxg5 16. N1h2 Rxh2 17. Kxh2 g4 18. Nh4 Qxe5 19. Qd1 Qh5 20. Bh3 Ne5 21. Rxe5 Bxe5 22. Qxg4 Qxg4 23. Bxg4 Bxd3 24. Bd2 Nc6 25. Re1 Bc2 26. c4 Bb3 27. f4 Bd4 28. cxd5 Bxd5 29. Bf3 Bxf3 30. Nxf3 Rd7 31. f5 e5 32. Bc1 f6 33. g4 Nb4 34. Re2 Nd3 35. Rc2 e4 36. Nxd4 cxd4 37. Kg3 e3 38. b3 Re7 39. Rc6 Kf7 0-1

[Event "Cullera Bahia op 15th"]
[Site "Cullera"]
[Date "2009.07.23"]
[Round "3"]
[White "Galvan, Jesus"]
[Black "Rodriguez Ferrer, Pablo"]
[Result "1/2-1/2"]
[WhiteElo "2247"]
[BlackElo "2078"]
[PlyCount "53"]
[EventDate "2009.07.21"]
[EventType "swiss"]
[EventRounds "9"]
[EventCountry "ESP"]
[SourceTitle "EXT 2010"]
[Source "ChessBase"]
[SourceDate "2010.11.25"]
[SourceVersion "1"]
[SourceVersionDate "2010.11.25"]
[SourceQuality "1"]

1. d4 Nf6 2. c4 c5 3. d5 e6 4. Nc3 exd5 5. cxd5 d6 6. e4 g6 7. f4 Bg7 8. Bb5+ Nfd7 9. a4 Na6 10. Nf3 Nc7 11. 0-0 0-0 12. Bxd7 Bxd7 13. f5 gxf5 14. Bg5 f6 15. Bf4 Ne8 16. Nd2 fxe4 17. Ndxe4 f5 18. Ng5 h6 19. Nf3 b6 20. Qd2 Kh7 21. Kh1 a6 22. Ne2 Qf6 23. Ra2 b5 24. Ng3 Qf7 25. b3 bxa4 26. bxa4 Rb8 27. Qd3 1/2-1/2

[Event "Cullera Bahia op 15th"]
[Site "Cullera"]
[Date "2009.07.22"]
[Round "2"]
[White "Rodriguez Ferrer, Pablo"]
[Black "Camarasa Escutia, Jose Bta"]
[Result "1-0"]
[WhiteElo "2078"]
[BlackElo "1910"]
[PlyCount "57"]
[EventDate "2009.07.21"]
[EventType "swiss"]
[EventRounds "9"]
[EventCountry "ESP"]
[SourceTitle "EXT 2010"]
[Source "ChessBase"]
[SourceDate "2010.11.25"]
[SourceVersion "1"]
[SourceVersionDate "2010.11.25"]
[SourceQuality "1"]

1. e4 e6 2. Nf3 c5 3. e5 d5 4. b4 Nc6 5. bxc5 Bxc5 6. d4 Be7 7. c3 h6 8. Bd3 Bd7 9. h4 Qa5 10. Qb3 Rc8 11. Nbd2 Qc7 12. Bb2 f6 13. 0-0 fxe5 14. dxe5 h5 15. c4 Na5 16. Bg6+ Kd8 17. Qe3 Nxc4 18. Nxc4 Qxc4 19. Ng5 Nh6 20. Qxa7 Qa6 21. Qe3 Kc7 22. Bd4 Qa3 23. Qd2 Qb4 24. Qd3 Qa3 25. Qe2 Kb8 26. Rab1 Qa4 27. Qb2 Rc7 28. Bb6 Rc2 29. Bxc2 1-0

[Event "Valencia Autonomico Sur-A"]
[Site "Valencia"]
[Date "2009.01.31"]
[Round "4.4"]
[White "Celaya Tapiz, Jose Maria"]
[Black "Rodriguez Ferrer, Pablo"]
[Result "1-0"]
[WhiteElo "2292"]
[BlackElo "2058"]
[PlyCount "137"]
[EventDate "2009.01.10"]
[EventType "team-tourn"]
[EventRounds "5"]
[EventCountry "ESP"]
[SourceTitle "EXT 2011"]
[Source "ChessBase"]
[SourceDate "2010.11.26"]
[SourceVersion "1"]
[SourceVersionDate "2010.11.26"]
[SourceQuality "1"]

1. e4 e6 2. d3 d5 3. Nd2 c5 4. g3 Nc6 5. Bg2 g6 6. Ngf3 Bg7 7. 0-0 Nge7 8. c3 b6 9. Re1 a5 10. a4 Ba6 11. Nf1 Ra7 12. e5 Qc7 13. Bf4 g5 14. Bxg5 Nxe5 15. Nxe5 Bxe5 16. Bxe7 Kxe7 17. f4 Bf6 18. Bxd5 Qd6 19. Ne3 Kf8 20. Be4 Rd7 21. Qh5 Qc7 22. Rad1 Qd8 23. f5 e5 24. c4 Bg7 25. Rf1 f6 26. Bd5 Bb7 27. b3 Qe8 28. Qf3 Bh6 29. Kg2 Bxe3 30. Bxb7 Qd8 31. Bd5 Bh6 32. Rde1 Bg7 33. Re4 Qe7 34. Rh4 Rc7 35. Re1 Qd6 36. Qg4 Qe7 37. Rh5 Ke8 38. Qh4 h6 39. Qg4 Kd8 40. Be6 Qd6 41. Rh4 Qe7 42. Qf3 Ra7 43. Rg4 Kc7 44. Bd5 Kb8 45. Rg6 Rd8 46. Re4 Qf8 47. Reg4 Re8 48. Be6 Rc7 49. Rh4 Ka7 50. Qh5 Rd8 51. Bd5 Qe7 52. Qf3 Qf8 53. Rh5 Re8 54. g4 Qe7 55. Qe4 Rd8 56. h4 Rf8 57. g5 fxg5 58. hxg5 hxg5 59. Rhxg5 Bf6 60. Rh5 Rcc8 61. Rhh6 Bg5 62. Re6 Qc7 63. Rhg6 Be7 64. Rxe5 Bd6 65. Ree6 Rcd8 66. Qg4 Rd7 67. Kf3 Qb8 68. Bc6 Rdd8 69. Rxd6 1-0

[Event "ESP-ch U16"]
[Site "Linares"]
[Date "2007.07.25"]
[Round "6"]
[White "Pueyo Burrel, David"]
[Black "Rodriguez Ferrer, Pablo"]
[Result "1/2-1/2"]
[WhiteElo "2076"]
[BlackElo "2007"]
[PlyCount "38"]
[EventDate "2007.07.22"]
[EventType "swiss"]
[EventRounds "9"]
[EventCountry "ESP"]
[SourceTitle "EXT 2008"]
[Source "ChessBase"]
[SourceDate "2007.11.25"]
[SourceVersion "1"]
[SourceVersionDate "2007.11.25"]
[SourceQuality "1"]

1. e4 e6 2. d4 d5 3. Nc3 Bb4 4. e5 b6 5. a3 Bf8 6. Nf3 Ba6 7. Bxa6 Nxa6 8. Qd3 Nb8 9. Be3 Qd7 10. Ne2 Ne7 11. 0-0 Nbc6 12. Ng3 h5 13. h4 Ng6 14. Ne2 Nce7 15. g3 Nf5 16. b3 c5 17. c3 Rc8 18. b4 c4 19. Qc2 a6 1/2-1/2

[Event "Cullera op-A"]
[Site "Cullera"]
[Date "2007.07.11"]
[Round "8"]
[White "Rodriguez Ferrer, Pablo"]
[Black "Sanz Menendez, Juan Carlos"]
[Result "1-0"]
[WhiteElo "2007"]
[BlackElo "2005"]
[PlyCount "75"]
[EventDate "2007.07.06"]
[EventType "swiss"]
[EventRounds "9"]
[EventCountry "ESP"]
[SourceTitle "CBM 119 Extra"]
[Source "ChessBase"]
[SourceDate "2007.09.04"]
[SourceVersion "1"]
[SourceVersionDate "2007.09.04"]
[SourceQuality "1"]

1. e4 e6 2. d4 c5 3. c3 d5 4. e5 Qb6 5. Nf3 Bd7 6. a3 Bb5 7. Bxb5+ Qxb5 8. b4 cxb4 9. axb4 Ne7 10. Ra5 Qb6 11. 0-0 Nec6 12. Ra2 h6 13. Nbd2 Be7 14. Nb3 0-0 15. Qd3 Nd7 16. Bd2 a6 17. Rfa1 Na7 18. Nc5 Bxc5 19. dxc5 Qc7 20. Bf4 f5 21. Nd4 Rfe8 22. h4 Rad8 23. Re2 Nf8 24. Qg3 Kh7 25. h5 Nc6 26. Qd3 Nxd4 27. cxd4 Qf7 28. Qh3 Rd7 29. Rb2 Rc8 30. b5 axb5 31. Rxb5 g5 32. hxg6+ Qxg6 33. Rb3 Kh8 34. Rg3 Qe8 35. Qxh6+ Nh7 36. Bg5 Rf7 37. Bf6+ Rxf6 38. Qg7# 1-0

[Event "Cullera op-A"]
[Site "Cullera"]
[Date "2007.07.06"]
[Round "1"]
[White "Lacrosse, Marc"]
[Black "Rodriguez Ferrer, Pablo"]
[Result "1/2-1/2"]
[WhiteElo "2301"]
[BlackElo "2007"]
[PlyCount "89"]
[EventDate "2007.07.06"]
[EventType "swiss"]
[EventRounds "9"]
[EventCountry "ESP"]
[SourceTitle "CBM 119 Extra"]
[Source "ChessBase"]
[SourceDate "2007.09.04"]
[SourceVersion "1"]
[SourceVersionDate "2007.09.04"]
[SourceQuality "1"]

1. d4 d5 2. c4 e6 3. Nf3 Nf6 4. Bg5 Nbd7 5. cxd5 exd5 6. Nc3 Be7 7. e3 c6 8. Qc2 0-0 9. Bd3 Re8 10. 0-0 Nf8 11. Rab1 Ng6 12. Bxf6 Bxf6 13. b4 a6 14. a4 Bg4 15. Nd2 Qd6 16. Rfc1 Rac8 17. Bf5 Bxf5 18. Qxf5 Nh4 19. Qg4 g6 20. Nb3 h5 21. Qd1 Qe7 22. b5 axb5 23. axb5 Bg7 24. bxc6 bxc6 25. Ne2 Nf5 26. Rc2 Bh6 27. Qd3 Qf6 28. Nc5 Rb8 29. Rbc1 Nxe3 30. fxe3 Bxe3+ 31. Kh1 Bxc1 32. Rxc1 Qf2 33. Ng1 Rb2 34. Qg3 Qxd4 35. Nf3 Qe3 36. Re1 Re2 37. Rxe2 Qxe2 38. h4 Qe7 39. Nd3 c5 40. Nf4 d4 41. Nxg6 fxg6 42. Qxg6+ Kf8 43. Qh6+ Qg7 44. Qd6+ Qe7 45. Qh6+ 1/2-1/2

[Event "Benidorm op U2000 06th"]
[Site "Benidorm"]
[Date "2007.??.??"]
[Round "2"]
[White "Castillo Lorente, Jose Luis"]
[Black "Rodriguez Ferrer, Pablo"]
[Result "1-0"]
[WhiteElo "1795"]
[BlackElo "1985"]
[PlyCount "61"]
[EventDate "2007.11.??"]
[EventType "swiss"]
[EventRounds "9"]
[EventCountry "ESP"]
[SourceTitle "EXT 2010"]
[Source "ChessBase"]
[SourceDate "2010.11.25"]
[SourceVersion "1"]
[SourceVersionDate "2010.11.25"]
[SourceQuality "1"]

1. d4 Nf6 2. c4 c5 3. d5 e6 4. Nc3 exd5 5. cxd5 d6 6. e4 g6 7. f4 Bg7 8. Bb5+ Nfd7 9. Bc4 0-0 10. Nf3 Na6 11. 0-0 Nc7 12. a4 b6 13. Qd3 a6 14. Bd2 Rb8 15. Rab1 b5 16. axb5 Nb6 17. b3 axb5 18. Nxb5 Nxb5 19. Bxb5 f5 20. e5 dxe5 21. Nxe5 Qd6 22. Nc6 Ra8 23. Bc4 Bb7 24. Rfe1 Rfe8 25. Rxe8+ Rxe8 26. Bc3 Bxc3 27. Qxc3 Re4 28. Re1 Nxd5 29. Rxe4 Bxc6 30. Qe5 Qd7 31. Qe6+ 1-0

[Event "Benidorm op U2000 06th"]
[Site "Benidorm"]
[Date "2007.??.??"]
[Round "1"]
[White "Rodriguez Ferrer, Pablo"]
[Black "Febrero Perez, Lluis"]
[Result "1-0"]
[WhiteElo "1985"]
[BlackElo "1620"]
[PlyCount "71"]
[EventDate "2007.11.??"]
[EventType "swiss"]
[EventRounds "9"]
[EventCountry "ESP"]
[SourceTitle "EXT 2010"]
[Source "ChessBase"]
[SourceDate "2010.11.25"]
[SourceVersion "1"]
[SourceVersionDate "2010.11.25"]
[SourceQuality "1"]

1. e4 e5 2. Nf3 Nc6 3. Bc4 Be7 4. 0-0 Nf6 5. d3 0-0 6. Re1 d6 7. c3 a6 8. Bb3 b5 9. Nbd2 Bb7 10. Nf1 a5 11. Ng3 Qd7 12. Nf5 Bd8 13. Bg5 Ng4 14. Qd2 a4 15. Bd5 Nf6 16. Bxc6 Bxc6 17. Nxg7 Nxe4 18. dxe4 Bxg5 19. Qxg5 f6 20. Qh4 Qxg7 21. Re3 f5 22. Ng5 Rf6 23. Rg3 Rh6 24. Ne6 Rxh4 25. Rxg7+ Kh8 26. exf5 Bd5 27. Rxc7 Rh5 28. Rd1 Bxa2 29. Rxd6 Rxf5 30. Nc5 Raf8 31. f3 Rg8 32. Rdd7 Rg6 33. Rxh7+ Kg8 34. Kf2 Bb1 35. Rhe7 Rd6 36. Ne6 1-0

[Event "Cullera op-A"]
[Site "Cullera"]
[Date "2006.07.20"]
[Round "1"]
[White "Huerga Leache, Mikel"]
[Black "Rodriguez Ferrer, Pablo"]
[Result "1-0"]
[WhiteElo "2310"]
[BlackElo "2043"]
[PlyCount "69"]
[EventDate "2006.07.20"]
[EventType "swiss"]
[EventRounds "9"]
[EventCountry "ESP"]
[SourceTitle "EXT 2007"]
[Source "ChessBase"]
[SourceDate "2006.11.23"]
[SourceVersion "1"]
[SourceVersionDate "2006.11.23"]
[SourceQuality "1"]

1. e4 e6 2. d4 d5 3. Nc3 dxe4 4. Nxe4 Nd7 5. Nf3 Ngf6 6. Nxf6+ Nxf6 7. c3 c5 8. Ne5 cxd4 9. Bb5+ Bd7 10. Nxd7 Nxd7 11. Qxd4 a6 12. Be2 Qb6 13. Qxb6 Nxb6 14. 0-0 0-0-0 15. c4 Bc5 16. Rb1 a5 17. a3 a4 18. b4 axb3 19. Rxb3 Rd7 20. Rb5 Bd4 21. Bf4 Kd8 22. Rfb1 Ke7 23. c5 e5 24. Be3 Bxe3 25. fxe3 Nd5 26. Bg4 Rc7 27. Rxb7 Rxb7 28. Rxb7+ Kf6 29. e4 Ne7 30. h4 g6 31. c6 h5 32. Bh3 Ra8 33. c7 Rxa3 34. c8Q Nxc8 35. Bxc8 1-0

[Event "La Roda op 33rd"]
[Site "La Roda"]
[Date "2006.04.12"]
[Round "1.4"]
[White "Suba, Mihai"]
[Black "Rodriguez Ferrer, Pablo"]
[Result "1-0"]
[WhiteElo "2527"]
[BlackElo "2056"]
[PlyCount "59"]
[EventDate "2006.04.12"]
[EventType "swiss"]
[EventRounds "9"]
[EventCountry "ESP"]
[SourceTitle "CBM 111 Extra"]
[Source "ChessBase"]
[SourceDate "2006.05.09"]
[SourceVersion "1"]
[SourceVersionDate "2006.05.09"]
[SourceQuality "1"]

1. Nf3 d5 2. c4 e6 3. g3 Nf6 4. Bg2 Nc6 5. 0-0 dxc4 6. Qa4 Bd7 7. Qxc4 Bd6 8. d4 0-0 9. Bg5 h6 10. Bxf6 Qxf6 11. Nc3 Rfe8 12. Rfd1 Rad8 13. Rac1 a6 14. Ne4 Qe7 15. e3 b5 16. Qe2 Nb4 17. a3 Nd5 18. Nc5 Bc8 19. e4 Bxc5 20. Rxc5 Nb6 21. Rdc1 Nc4 22. b3 Nxa3 23. Rxc7 Qb4 24. Ne5 Qxb3 25. Qh5 Rf8 26. Nxf7 Rd7 27. Nxh6+ gxh6 28. Qg6+ Kh8 29. Qxh6+ Kg8 30. Rxc8 1-0

[Event "Alzira-ch Preferente"]
[Site "Alzira"]
[Date "2004.??.??"]
[Round "4"]
[White "Rodriguez Ferrer, Pablo"]
[Black "Alabort Pla, Juan Pablo"]
[Result "0-1"]
[WhiteElo "2085"]
[BlackElo "1865"]
[PlyCount "80"]
[EventDate "2004.??.??"]
[EventType "swiss"]
[EventRounds "7"]
[EventCountry "ESP"]
[SourceTitle "EXT 2007"]
[Source "ChessBase"]
[SourceDate "2006.11.23"]
[SourceVersion "1"]
[SourceVersionDate "2006.11.23"]
[SourceQuality "1"]

1. e4 d6 2. f4 Nf6 3. Nc3 g6 4. Nf3 Bg7 5. d3 c5 6. Be2 0-0 7. 0-0 Nc6 8. h3 Nd4 9. Be3 Nd7 10. Qd2 e6 11. Nd1 b5 12. c3 Nxe2+ 13. Qxe2 a5 14. Rc1 b4 15. d4 d5 16. Qc2 Ba6 17. Re1 dxe4 18. Qxe4 Nf6 19. Qc6 c4 20. Ne5 Qd5 21. Qxd5 Nxd5 22. Bd2 Rfc8 23. Nf2 Rab8 24. Rc2 b3 25. axb3 cxb3 26. Rcc1 a4 27. Ra1 Bb5 28. Ne4 Bf8 29. Rec1 a3 30. Re1 f6 31. Nf3 Bd3 32. Bc1 Bxe4 33. Rxe4 Nxc3 34. bxc3 b2 35. Bxb2 axb2 36. Rb1 Rxc3 37. Ree1 Ba3 38. Kh2 Rc1 39. Nd2 Rxe1 40. Rxe1 Bb4 0-1

[Event "Alzira-ch Preferente"]
[Site "Alzira"]
[Date "2004.??.??"]
[Round "6"]
[White "Rodriguez Ferrer, Pablo"]
[Black "Fernandez Galvez, Conrado"]
[Result "1-0"]
[WhiteElo "2085"]
[BlackElo "1840"]
[PlyCount "85"]
[EventDate "2004.??.??"]
[EventType "swiss"]
[EventRounds "7"]
[EventCountry "ESP"]
[SourceTitle "EXT 2007"]
[Source "ChessBase"]
[SourceDate "2006.11.23"]
[SourceVersion "1"]
[SourceVersionDate "2006.11.23"]
[SourceQuality "1"]

1. e4 e6 2. d4 d5 3. e5 c5 4. c3 Nc6 5. Nf3 Qb6 6. a3 Bd7 7. b4 cxd4 8. cxd4 a6 9. Be3 Nge7 10. Nc3 Nf5 11. Be2 Rc8 12. Rc1 Na7 13. 0-0 Be7 14. Qd2 0-0 15. Bd3 Nxe3 16. fxe3 a5 17. Na2 axb4 18. Nxb4 Nc6 19. Nxc6 Bxc6 20. Ra1 Ra8 21. Rfb1 Qc7 22. Qb2 Ra7 23. Bc2 Rfa8 24. a4 Qd7 25. Ne1 Qd8 26. Nf3 Qa5 27. Qb6 Qc3 28. Qb3 Qxb3 29. Bxb3 b5 30. Ra2 bxa4 31. Rba1 Bb4 32. Bc2 Bc3 33. Rc1 Bb4 34. Bxh7+ Kxh7 35. Rxc6 a3 36. Rb6 Bc3 37. Rb3 Bb2 38. Ne1 Rc7 39. Kf2 Rac8 40. Nd3 Rc2+ 41. Kf3 Ra8 42. Nxb2 axb2 43. Rxa8 1-0

[Event "Alzira-ch Preferente"]
[Site "Alzira"]
[Date "2004.??.??"]
[Round "2"]
[White "Vidal Moscardo, Blas"]
[Black "Rodriguez Ferrer, Pablo"]
[Result "1-0"]
[WhiteElo "1860"]
[BlackElo "2085"]
[PlyCount "80"]
[EventDate "2004.??.??"]
[EventType "swiss"]
[EventRounds "7"]
[EventCountry "ESP"]
[SourceTitle "EXT 2007"]
[Source "ChessBase"]
[SourceDate "2006.11.23"]
[SourceVersion "1"]
[SourceVersionDate "2006.11.23"]
[SourceQuality "1"]

1. d4 d5 2. c4 e6 3. Nc3 Nf6 4. Nf3 Nbd7 5. e3 Bb4 6. Bd2 0-0 7. h3 dxc4 8. Bxc4 b6 9. 0-0 Bb7 10. Qe2 a5 11. Rad1 Qe7 12. a3 Bxc3 13. Bxc3 Ne4 14. Be1 Ndf6 15. Nh2 Qd6 16. f4 Rfd8 17. Bd3 Rd7 18. Bh4 Qd5 19. Ng4 Ne8 20. Ne5 Rdd8 21. f5 exf5 22. Bc4 Ba6 23. Bxa6 Rxa6 24. Qxa6 g5 25. Be1 b5 26. Rc1 Qb3 27. Rc3 Nxc3 28. Bxc3 b4 29. axb4 axb4 30. Qh6 Rd6 31. Qxg5+ Ng7 32. Rxf5 bxc3 33. bxc3 Qb1+ 34. Rf1 Qb3 35. c4 f6 36. Rxf6 Rxf6 37. Qxf6 Qxe3+ 38. Kh2 Qa3 39. c5 Qg3+ 40. Kxg3 Nh5+ 1-0